Pla d'Acció Municipal ... : Programa d'acció municipal, programa del cànon energètic / Diputació de Barcelona. Servei de Cooperació Municipal Programa d'acció municipal, programa del cànon energètic / Diputació de Barcelona. Servei de Cooperació Municipal
Descripción Física:
il., map. ; 30 cm
MARC
| LEADER | 00000nam a2200000Ia 4500 | ||
|---|---|---|---|
| 001 | 8069, 9744 | ||
| 008 | 160829s1985 xx 000 0 cat d | ||
| 080 | |a M-3-193, M-3-196 | ||
| 110 | 1 | |a Barcelona (Catalunya : Província). |b Servei de Cooperació Municipal |9 54958 | |
| 245 | |a Pla d'Acció Municipal ... : |b Programa d'acció municipal, programa del cànon energètic / Diputació de Barcelona. Servei de Cooperació Municipal | ||
| 260 | |a Barcelona : |b el Servei, |c 1985 | ||
| 300 | |a il., map. ; |c 30 cm | ||
| 650 | |a Municipis |x Barcelona (Província) |x Subvencions |9 23036 | ||
| 866 | |a 1984, 1985 | ||
| 901 | |a Arxiu | ||
| 942 | |n 1 | ||
| 952 | |0 0 |1 0 |4 0 |6 M3193_M3196 |7 1 |9 46513 |a Arxiu |b Arxiu |d 2016-12-01 |l 0 |o M-3-193, M-3-196 |p 8069, 9744 |r 2016-12-01 00:00:00 |w 2016-12-01 |y ARXIU | ||
| 999 | |c 50304 |d 50304 | ||